Bơ đi mà sống
Tallennettuna:
| Päätekijä: | |
|---|---|
| Aineistotyyppi: | Kirja |
| Kieli: | Vietnamese |
| Julkaistu: |
Hà Nội
Văn Học
2018
|
| Painos: | Tái bản lần thứ 9 |
| Aiheet: | |
| Tagit: |
Lisää tagi
Ei tageja, Lisää ensimmäinen tagi!
|
| Thư viện lưu trữ: | Trung tâm Học liệu Lê Vũ Hùng, Trường Đại học Đồng Tháp |
|---|
| LEADER | 00669pam a22002298a 4500 | ||
|---|---|---|---|
| 001 | 00042662 | ||
| 005 | 20181016151004.0 | ||
| 008 | 121122s2009 ||||||viesd | ||
| 020 | # | # | |c 75000 |
| 041 | 0 | # | |a vie |
| 082 | 1 | 4 | |a 895.922 84 |b B460Đ |
| 100 | 1 | # | |a Mèo, Xù |
| 245 | 0 | 0 | |a Bơ đi mà sống |c Mèo Xù |
| 250 | # | # | |a Tái bản lần thứ 9 |
| 260 | # | # | |a Hà Nội |b Văn Học |c 2018 |
| 300 | # | # | |c 21 cm |a 203tr. |
| 653 | # | # | |a Việt Nam |
| 653 | # | # | |a Văn học hiện đại |
| 653 | # | # | |a tản văn |
| 852 | # | # | |j KM.0026509 |
| 910 | |d 16/10/2018 | ||
| 980 | # | # | |a Trung tâm Học liệu Lê Vũ Hùng, Trường Đại học Đồng Tháp |